European Super League Teams - Statistics

General Stats
  • This quiz has been taken 60 times
  • The average score is 14 of 15
Answer Stats
Country Answer % Correct
England Manchester City
98%
England Manchester United
98%
France Paris Saint-Germain
98%
Germany Bayern Munich
96%
Spain FC Barcelona
95%
Italy Juventus
95%
England Liverpool
95%
Spain Real Madrid
95%
Italy AC Milan
93%
England Chelsea
93%
Italy Inter Milan
93%
England Arsenal
91%
Spain Atlético Madrid
91%
England Tottenham Hotspur
88%
Germany RB Leipzig
54%
No matching quizzes found
Score Distribution
Percent of People with Each Score
Percentile by Number Answered
Your Score History
You have not taken this quiz